| 000 | 01683cam a22004214i 4500 | ||
|---|---|---|---|
| 003 | PE-LiUPU | ||
| 005 | 20250731184546.0 | ||
| 008 | 150625s1965 pe r 000 0 spa d | ||
| 035 | _a(Sirsi) a31355 | ||
| 040 |
_aPE-LiUPU _bspa _cPE-LiUPU _dPE-LiUPU _erda |
||
| 049 | _aPRUA | ||
| 082 | 0 | 4 |
_a913.03185 _bH76 _221 |
| 100 | 1 |
_aHorkheimer, Hans, _eautor. |
|
| 245 | 1 | 3 |
_aLa cultura incaica / _cHans Horkheimer. |
| 264 | 1 |
_aLima : _bPeruano Suiza, _c1965. |
|
| 336 |
_atext _2rdacontent |
||
| 337 |
_aunmediated _2rdamedia |
||
| 338 |
_avolume _2rdacarrier |
||
| 505 | 0 | _aLos comienzos -- El imperio -- El Inca, la sociedad y el estadoAspecto físico del hombre del Tahuantinsuyo -- Vestuario de la gente común -- El idioma de los Incas -- el individuo desde su nacimiento hasta su muerte -- alimentación y la agricultura -- El mundo espiritual -- Logros en la esfera -- Las realizaciones -- Últimos Incas. | |
| 526 | _aP136 | ||
| 526 | _aP135 | ||
| 526 | _aP134 | ||
| 526 | _aP133 | ||
| 526 | _aP144 | ||
| 526 | _aP143 | ||
| 526 | _aP87 | ||
| 526 | _aP35 | ||
| 526 | _aP20 | ||
| 526 | _aP14 | ||
| 526 | _aP10 | ||
| 526 | _aP06 | ||
| 650 | 0 | 4 | _aIncaica. |
| 942 |
_2ddc _cBOOK |
||
| 949 |
_a913.03185 H76 _wDEWEY _c1 _i14935 _lCCODEBUL1 _mBUL _p15.00 _r0 _sY _tBOOK _u2015-06-25 _xBIBLIOTECA _zUNKNOWN _0COMPRA _o.STAFF. Colección Ciencias Humanas |
||
| 596 | _a1 | ||
| 999 |
_a913.03185 H76 _wDEWEY _c38900 _i14935 _d38900 _e2016-4-27 _f2021-11-8 _g6 _lCCODEBUL1 _mBUL _n1 _p15.00 _r0 _sY _tBOOK _u2015-6-25 _xBIBLIOTECA _zUNKNOWN _0COMPRA _o.STAFF. Colección Ciencias Humanas y Educación |
||
| 980 |
_81 _gALBERTO SANCHEZ Responsable de Automatización |
||